01151nam a22002297a 4500999001500000003000900015008004100024040007100065082001500136100002100151245009700172260003800269300003000307505027700337650003800614650002100652650002900673942001600702945000800718952009500726952010000821 c6790d6790AR-CdUCM190319b ||||| |||| 00| 0 spa d aMUNICIPALIDAD PROVINCIAL DEL CUSCOcBIBLIOTECA MUNICIPAL DEL CUSCO a603 /bG28 aGatland, Kenneth aEnciclopedia ilustrada de la exploracion del espacio :bHistoria de la Tecnologia Espacial / aEspaña :bQuarto, S.A. ,c1984. a297 páginas ;c30.3 cm. aContenido : 1.- Los Precursores del Espacio 2.- El hombre franquea las fronteras del espacio 3.- Los centros espaciales 4.-El hombre en el espacio 5.- Utilizacion militar del espacio 6.- Voces que vienen del cielo 7.- La metereologia 8 .- Observacion del planeta tierra... aEnciclopedias Tecnologicas919122 aAstrologia97684 aViajes Espaciales918598 2ddccLIBROS artm 002ddc4070aSCbSCcCARTd2019-03-19g80.00o603 / G28pSC0000000212r2019-03-19yLIBROS 002ddc4070aSCbSCcCARTd2019-03-19g80.00o603 / G28 /t.2pSC0000000213r2019-03-19yLIBROS